UBT Library

THE EUROPEAN MONTERARY SYSTEM PAST PRESENT AND FUTURE (Record no. 36515)

000 -LEADER
fixed length control field 00327nam a22001337a 4500
008 - FIXED-LENGTH DATA ELEMENTS--GENERAL INFORMATION
fixed length control field 171030b xxu||||| |||| 00| 0 eng d
020 ## - INTERNATIONAL STANDARD BOOK NUMBER
International Standard Book Number 9024734434460
041 ## - LANGUAGE CODE
Language code of text/sound track or separate title eng
080 ## - UNIVERSAL DECIMAL CLASSIFICATION NUMBER
Universal Decimal Classification number 338.5
100 ## - Rafti
Rafti 57
101 ## - Shkurtesa
Shkurtesa QMI
245 ## - TITLE STATEMENT
Title THE EUROPEAN MONTERARY SYSTEM PAST PRESENT AND FUTURE
Statement of responsibility, etc COFFEY.P
942 ## - ADDED ENTRY ELEMENTS (KOHA)
Source of classification or shelving scheme
Item type Books
Holdings
Withdrawn status Lost status Source of classification or shelving scheme Damaged status Not for loan Collection code Permanent location Current location Shelving location Date acquired Total Checkouts Full call number Barcode Date last seen Price effective from Koha item type
          Koleksioni i përgjithshem UBT - Lipjan UBT - Lipjan Koleksioni i përgjithshem 10/30/2017   338.5 COF 002-2935531 10/30/2017 10/30/2017 Books
UBT Library © 2015-2024. All rights reserved University Education for Business and Technology